000 00642nam a2200229 a 4500
001 BRCA_804
005 20190320203146.0
008 060508s1985----sp-a---###---#000-0#spa-#
041 _aspa
044 _asp
050 4 _aNK1510
_b.S65 1985
110 2 _aSolnas Donoso, Jesús
_92670
245 1 0 _aDiseño, arte y función
_cJesús Solanas Donoso.
260 _aBarcelona
_bSalvat
_c1985
300 _a64 p.
_bil. (algunas a color)
_c19 cm.
440 0 _aColección Salvat Temas clave
_v30
_92671
504 _aBibliografía : p. 64
650 1 4 _aDiseño
_92672
650 1 4 _aDecoración
_92673
650 1 4 _aEtiqueta
_92674
942 _2lcc
_cB
999 _c699
_d699